000 00987nam0a22002651 4500
001 rc\3905141
005 20250610124749.0
035 _a(NLR Aleph) 007907744
090 _a8078053
_c8078053
100 _a20130415d1956 |||y0rusy50 ca
101 0 _arus
102 _aRU
105 _ay z |||||
200 1 _aКой-что из заветной тетрадки
_fИ.Е. Бецкий
210 _aМосква
_cБ. и.
_d1956
300 _aИз сб. Раут на 1852 г. М., 1852, с. 161-312
300 _aВ конце текста авт.: ...й; раскрыт по изд. Масанов. Словарь псевдонимов. Т. 1. М., 1956
700 1 _7ca
_8rus
_aБецкий
_bИ. Е.
_cписатель, издатель
_f1818-1890
_gИван Егорович
_9180978
_3RU\NLR\AUTH\770181029
702 1 _aМасанов
_4570
801 0 _aRU
_bNLR
_gpsbo
801 1 _aRU
_bELAR
_2rusmarc
852 _aNLR
_j18.99.6.47
942 _cBOOK
980 _aNB